| 000 | 02073cam a2200253 a 4500 | ||
|---|---|---|---|
| 999 |
_c7609 _d7609 |
||
| 003 | OSt | ||
| 005 | 20200316171720.0 | ||
| 008 | 070710s2007 mnua b s000 0 eng | ||
| 020 | _a9780816652648 (pb : alk. paper) | ||
| 040 |
_aDLC _cDLC _dBTCTA _dBAKER _dYDXCP _dC#P _dBWX _dCDX _dPMC _dDLC |
||
| 082 | 0 | 0 |
_a724.7 _222 _bSAU |
| 245 | 0 | 4 |
_aThe new architectural pragmatism : _ba Harvard design magazine reader / _cWilliam S. Saunders, editor. |
| 260 |
_aMinneapolis : _bUniversity of Minnesota Press, _cc2007. |
||
| 300 |
_axvii, 201 p. : _bill. ; _c24 cm. |
||
| 440 | 0 |
_aHarvard design magazine readers ; _v5 |
|
| 504 | _aIncludes bibliographical references. | ||
| 505 | 0 | _aIntroduction : Accept, resist, or inflect? Architecture and contemporary capitalism / William S. Saunders -- A scientific autobiography, 1982-2004 : Madrid, Harvard, OMA, the AA, Yokohama, the globe / Alejandro Zaera-Polo -- Notes around the Doppler effect and other moods of modernism / Robert Somol and Sarah Whiting -- Starck speaks : politics, pleasure, and play / Philippe Starck -- P.S./P.C. : on " Starck speaks" / K. Michael Hays -- No more dreams? The passion for reality in recent Dutch architecture...and its limitations / Roemer van Toorn -- No more tabula rasa : progressive architectural practices in England / Lucy Bullivant -- Not unlike life itself : landscape strategy now / James Corner -- On not being governed / Dave Hickey -- Stocktaking 2004 : questions about the present and future of design / Stan Allen, Hal Foster, and Kenneth Frampton -- "Criticality" and its discontents / George Baird -- Critical of what? Toward a utopian realism / Reinhold Martin -- Design will save the world! On Bruce Mau's Massive change and the mediatization of culture / Robert Levit and Evonne Levy -- The muses are not amused : pandemonium in the house of architecture / Jorge Silvetti. | |
| 650 | 0 | _aArchitecture and society. | |
| 650 | 0 | _aArchitecture, Postmodern. | |
| 650 | 0 | _aArchitectural criticism. | |
| 700 | 1 | _aSaunders, William S. | |
| 730 | 0 | _aHarvard design magazine. | |
| 942 | _2ddc | ||